000 00715cam a22001934a 4500
005 20250605164346.0
008 250528s ||||||||||||||||||||||||d
035 _a23890
040 _aGR-AtMCL
_bgre
_dGR-AtMCL
_eAACR2
245 1 _aHelping the Homeless / Christian Jarett Examines Psychology's Response
260 _c2010
300 _a95
520 _aThe Nonexistent Purpose of People, Deferred Imitation in Children and Apes, Imagining Harmonious Intergroup Relations, Psychosocial Support Within a Global Movement, Emergency Response Psychology in Madrid.
700 1 _aSutton Jon
_99351
942 _cCR
710 2 _aThe British Psychological Society
_99823
999 _c8808
_d8808